CATÁLOGO PÚBLICO DE LA BIBLIOTECA OSCAR VARSAVSKY

Entre la ciudad global y la periferia en transición: Caracas-Valles del Tuy Medio (Registro nro. 10983)

Detalles MARC
000 -CABECERA
campo de control de longitud fija 00534nam a22001817a 4500
001 - NÚMERO DE CONTROL
campo de control T027600009980
008 - DATOS DE LONGITUD FIJA--INFORMACIÓN GENERAL
campo de control de longitud fija 181111b xve|||||r|||| 00| | esp d
020 ## - NÚMERO INTERNACIONAL ESTÁNDAR DEL LIBRO
Número Internacional Estándar del Libro 978-980-6889-12-5
099 ## - SIGNATURA TOPOGRÁFICA LOCAL
Número de clasificación 307.760987
Cutter L128
100 ## - ENTRADA PRINCIPAL--NOMBRE DE PERSONA
Nombre de persona Lacabana, Miguel
245 ## - MENCIÓN DE TÍTULO
Título Entre la ciudad global y la periferia en transición: Caracas-Valles del Tuy Medio
260 ## - PUBLICACIÓN, DISTRIBUCIÓN, ETC. (PIE DE IMPRENTA)
Lugar de publicación, distribución, etc.
500 ## - NOTA GENERAL
Nota general Impreso
650 ## - PUNTO DE ACCESO ADICIONAL DE MATERIA--TÉRMINO DE MATERIA
Término de materia o nombre geográfico como elemento inicial Caracas--Condiciones Sociales
650 ## - PUNTO DE ACCESO ADICIONAL DE MATERIA--TÉRMINO DE MATERIA
Término de materia o nombre geográfico como elemento inicial Valles del Tuy Medio--Condiciones Sociales
700 ## - PUNTO DE ACCESO ADICIONAL--NOMBRE DE PERSONA
Nombre de persona Cariola, Cecilia
Término indicativo de función/relación
942 ## - ELEMENTOS DE PUNTO DE ACCESO ADICIONAL (KOHA)
Tipo de ítem Koha Libro
Existencias
Estado de retiro Estado de pérdida Estado dañado No para préstamo Localización permanente Ubicación/localización actual Fecha de adquisición Total de préstamos Signatura topográfica completa Código de barras Fecha visto por última vez Precio válido a partir de Tipo de ítem Koha Número de copia
        Oscar Varsavsky Oscar Varsavsky 13.11.2018   307.760987 L128 T027600012863 13.11.2018 13.11.2018 Libro  
        Oscar Varsavsky Oscar Varsavsky 13.11.2018   307.760987 L128 T027600012864 13.11.2018 13.11.2018 Libro e.2
        Oscar Varsavsky Oscar Varsavsky 13.11.2018   307.760987 L128 T027600017136 13.11.2018 13.11.2018 Libro e.3
        Oscar Varsavsky Oscar Varsavsky 13.11.2018   307.760987 L128 T027600017137 13.11.2018 13.11.2018 Libro e.4
        Oscar Varsavsky Oscar Varsavsky 13.11.2018   307.760987 L128 T027600017138 13.11.2018 13.11.2018 Libro e.5
        Oscar Varsavsky Oscar Varsavsky 13.11.2018   307.760987 L128 T027600017160 13.11.2018 13.11.2018 Libro e.6